[Event "Oviedo rapid45"]
[Site "Oviedo ESP"]
[Date "1992.??.??"]
[Round "5"]
[White "Spraggett, Kevin"]
[Black "Yewdokimov, Oleg"]
[Result "1-0"]
[WhiteElo "2545"]
[BlackElo "2380"]
[PlyCount "93"]
[EventDate "1992.??.??"]
[EventType "swiss (rapid)"]
[EventRounds "11"]
[EventCountry "ESP"]

1. c4 b6 2. Nc3 Bb7 3. d4 e6 4. a3 f5 5. e3 Nf6 6. f3 Bd6 7. Nh3 O-O 8. Nf2 Nc6
9. Be2 Nh5 10. f4 Nf6 11. Bf3 Na5 12. Bxb7 Nxb7 13. b3 c5 14. O-O Rc8 15. g3
Be7 16. d5 Nd6 17. Bb2 a6 18. Qd3 b5 19. e4 bxc4 20. bxc4 Rb8 21. Rab1 fxe4 22.
Ncxe4 Nfxe4 23. Nxe4 Nxe4 24. Qxe4 Rb6 25. dxe6 Rxe6 26. Qd5 Qa8 27. Be5 Rd8
28. Rb7 Kf8 29. Rfb1 Qc8 30. Rc7 Qa8 31. Rbb7 Rc6 32. Rxc6 Qxb7 33. Rf6+ gxf6
34. Qxb7 fxe5 35. fxe5 a5 36. Kg2 Bg5 37. h4 Bc1 38. Qc7 Re8 39. Qxc5+ Re7 40.
a4 Kf7 41. Qxa5 Bb2 42. Qd5+ Kf8 43. a5 Bxe5 44. a6 d6 45. Qa8+ Kg7 46. Qd8 Kf7
47. Qb6 1-0

[Event "Oviedo rapid45"]
[Site "Oviedo ESP"]
[Date "1992.??.??"]
[Round "8"]
[White "Sion Castro, Marcelino"]
[Black "Spraggett, Kevin"]
[Result "0-1"]
[WhiteElo "2375"]
[BlackElo "2545"]
[PlyCount "78"]
[EventDate "1992.??.??"]
[EventType "swiss (rapid)"]
[EventRounds "11"]
[EventCountry "ESP"]

1. e4 c5 2. Nf3 d6 3. d4 cxd4 4. Nxd4 Nf6 5. Nc3 Nc6 6. Bc4 Qb6 7. Nb3 e6 8.
Be3 Qc7 9. Qe2 a6 10. f4 Be7 11. O-O-O b5 12. Bd3 Nb4 13. Kb1 O-O 14. g4 Nd7
15. g5 Re8 16. h4 Nxd3 17. cxd3 b4 18. Na4 Qc6 19. Nb6 Nxb6 20. Rc1 Qb5 21. Rc7
Nd5 22. exd5 Qxd5 23. Rhc1 a5 24. Nd2 Ba6 25. Nc4 Bd8 26. Rd7 Be7 27. Ka1 Rac8
28. Ra7 Rc6 29. Qf1 Bd8 30. Nb6 Rxc1+ 31. Bxc1 Bxd3 32. Nxd5 Bxf1 33. Nb6 d5
34. Be3 e5 35. fxe5 Rxe5 36. Bf2 Re2 37. Bg3 Bh3 38. b3 Bf5 39. Rxa5 Rg2 0-1

[Event "Oviedo rapid45"]
[Site "Oviedo ESP"]
[Date "1992.??.??"]
[Round "11"]
[White "Piket, Jeroen"]
[Black "Spraggett, Kevin"]
[Result "1/2-1/2"]
[WhiteElo "2615"]
[BlackElo "2545"]
[PlyCount "86"]
[EventDate "1992.??.??"]
[EventType "swiss (rapid)"]
[EventRounds "11"]
[EventCountry "ESP"]

1. d4 Nf6 2. c4 e6 3. Nf3 c5 4. d5 d6 5. Nc3 exd5 6. cxd5 g6 7. e4 a6 8. a4 Bg4
9. a5 Nbd7 10. Be2 Bxf3 11. Bxf3 Bg7 12. O-O O-O 13. Bf4 Qe7 14. Re1 Rfe8 15.
h3 h5 16. Rb1 Nh7 17. Qd2 Qf6 18. Na4 g5 19. Bg3 Qg6 20. Bd1 g4 21. hxg4 hxg4
22. Bc2 Ne5 23. Qf4 Bh6 24. Qf5 Bd2 25. Qxg6+ fxg6 26. Bxe5 Rxe5 27. Nb6 Bxe1
28. Rxe1 Rae8 29. Re3 Nf6 30. Nc4 Rxe4 31. Bxe4 Rxe4 32. Nxd6 Rb4 33. Re6 Nxd5
34. Rxg6+ Kf8 35. Rg5 Nf6 36. Rxc5 Rxb2 37. Rc7 g3 38. fxg3 Ng4 39. Rf7+ Kg8
40. Rf4 Rb1+ 41. Rf1 Rb2 42. Rf4 Rb1+ 43. Rf1 Rb2 1/2-1/2

[Event "Paris op"]
[Site "Paris FRA"]
[Date "1992.??.??"]
[Round "3"]
[White "Spraggett, Kevin"]
[Black "Praud, Jean Luc"]
[Result "1-0"]
[WhiteElo "2545"]
[BlackElo "2230"]
[PlyCount "51"]
[EventDate "1992.??.??"]
[EventType "swiss"]
[EventRounds "9"]
[EventCountry "FRA"]

1. d4 e6 2. c4 b6 3. a3 Bb7 4. Nc3 g6 5. e4 Bg7 6. Nf3 Ne7 7. d5 O-O 8. Bd3 Na6
9. Bd2 Nc5 10. Bc2 f5 11. exf5 exd5 12. Bg5 dxc4 13. fxg6 h6 14. Be3 Bxf3 15.
gxf3 Ne6 16. Qe2 c5 17. Qxc4 d5 18. Qg4 Qd6 19. O-O-O Rac8 20. Rhe1 d4 21. Kb1
Nf4 22. Nb5 Qc6 23. Nxa7 Qc7 24. Nb5 Qc6 25. Bxf4 Qxb5 26. Rxe7 1-0

[Event "Roses"]
[Site "Roses ESP"]
[Date "1992.??.??"]
[Round "2"]
[White "Pares Vives, Jose"]
[Black "Spraggett, Kevin"]
[Result "0-1"]
[WhiteElo "2345"]
[BlackElo "2545"]
[PlyCount "66"]
[EventDate "1992.??.??"]
[EventType "tourn"]
[EventRounds "9"]
[EventCountry "ESP"]
[EventCategory "8"]

1. d4 Nf6 2. c4 e6 3. Nf3 c5 4. e3 d5 5. Nc3 Nc6 6. a3 cxd4 7. exd4 Be7 8. Bd3
dxc4 9. Bxc4 O-O 10. O-O b6 11. Bg5 Bb7 12. Re1 Rc8 13. Qd3 Na5 14. Ba6 Bxa6
15. Qxa6 Nc4 16. Qb5 h6 17. Bh4 a6 18. Qxa6 Nxb2 19. Qe2 Rxc3 20. Qxb2 Nd5 21.
Bxe7 Qxe7 22. a4 Ra8 23. Rec1 Qc7 24. g3 Rxa4 25. Ne5 b5 26. h4 h5 27. Rd1 Rxa1
28. Rxa1 Qb7 29. Qe2 g6 30. Nxg6 fxg6 31. Qxe6+ Kh7 32. Kh2 Rc2 33. Ra6 Nf4 0-1

[Event "Roses"]
[Site "Roses ESP"]
[Date "1992.??.??"]
[Round "4"]
[White "Pomes Marcet, Juan"]
[Black "Spraggett, Kevin"]
[Result "0-1"]
[WhiteElo "2395"]
[BlackElo "2545"]
[PlyCount "118"]
[EventDate "1992.??.??"]
[EventType "tourn"]
[EventRounds "9"]
[EventCountry "ESP"]
[EventCategory "8"]

1. d4 Nf6 2. Bg5 d6 3. Bxf6 exf6 4. e3 g6 5. Qf3 Bg7 6. Nc3 c6 7. O-O-O O-O 8.
Bd3 f5 9. Nge2 Nd7 10. h4 h5 11. e4 fxe4 12. Nxe4 Nf6 13. Ng5 Ng4 14. Kb1 Qf6
15. Ne4 Qxf3 16. gxf3 d5 17. fxg4 dxe4 18. Bxe4 Bxg4 19. f3 Rae8 20. Rh2 Bc8
21. Rg2 Kh8 22. c3 Re7 23. Kc2 Rfe8 24. Ng3 Bh6 25. b3 Bh3 26. Rh2 Bd7 27. Rg2
Bf4 28. Ne2 Bc7 29. Ng1 b6 30. Rf1 Kg7 31. Kd2 Kh6 32. Bd3 Bf4+ 33. Kc2 Re1 34.
Rxe1 Rxe1 35. Ne2 Bc7 36. Ng1 Bd8 37. f4 Bg4 38. Kd2 Bxh4 39. c4 Ra1 40. Ke3
Bf6 41. b4 g5 42. f5 Re1+ 43. Ne2 Rf1 44. c5 Rf3+ 45. Ke4 bxc5 46. bxc5 Rf1 47.
Ke3 Rd1 48. Nc3 Re1+ 49. Be2 Bxf5 50. Rf2 Kg6 51. Rf1 Rxf1 52. Bxf1 Bd7 53.
Bd3+ Kg7 54. Ne4 Be7 55. Ng3 h4 56. Bf5 Bxf5 57. Nxf5+ Kf6 58. Ke4 h3 59. Ng3
Ke6 0-1

[Event "Roses"]
[Site "Roses ESP"]
[Date "1992.??.??"]
[Round "6"]
[White "Pablo Marin, Alejandro"]
[Black "Spraggett, Kevin"]
[Result "0-1"]
[WhiteElo "2365"]
[BlackElo "2545"]
[PlyCount "90"]
[EventDate "1992.??.??"]
[EventType "tourn"]
[EventRounds "9"]
[EventCountry "ESP"]
[EventCategory "8"]

1. e4 c5 2. Nf3 d6 3. d4 cxd4 4. Nxd4 Nf6 5. Nc3 Nc6 6. Bc4 Qb6 7. Nb3 e6 8.
O-O a6 9. Bg5 Ne5 10. Be2 Be7 11. Kh1 Qc7 12. f4 Nc6 13. Qe1 h6 14. Bh4 O-O 15.
Bd3 b5 16. a4 b4 17. Ne2 a5 18. Ned4 Nxd4 19. Nxd4 Bb7 20. Rd1 Rad8 21. c4 Rfe8
22. f5 e5 23. Bxf6 Bxf6 24. Nf3 Kh7 25. h4 g6 26. Nh2 Qe7 27. g3 Bc8 28. fxg6+
fxg6 29. Be2 Be6 30. b3 h5 31. Bf3 Rf8 32. Qe2 Bg7 33. Rf2 Bh6 34. Rdf1 Qa7 35.
Bg2 Kg7 36. Rxf8 Rxf8 37. Rxf8 Kxf8 38. Qf1+ Ke7 39. Qe2 Qd4 40. Qf3 Bd2 41.
Bf1 Be3 42. Be2 Qa1+ 43. Bd1 Bc5 44. Kg2 Qd4 45. Qf1 Qxe4+ 0-1

[Event "Roses"]
[Site "Roses ESP"]
[Date "1992.??.??"]
[Round "8"]
[White "Ivanov, Alexander"]
[Black "Spraggett, Kevin"]
[Result "1/2-1/2"]
[WhiteElo "2360"]
[BlackElo "2545"]
[PlyCount "29"]
[EventDate "1992.??.??"]
[EventType "tourn"]
[EventRounds "9"]
[EventCountry "ESP"]
[EventCategory "8"]

1. e4 c5 2. Nf3 d6 3. Bb5+ Nd7 4. d4 Ngf6 5. Nc3 a6 6. Bxd7+ Nxd7 7. Bg5 h6 8.
Be3 e6 9. dxc5 dxc5 10. a4 Be7 11. a5 b5 12. axb6 Qxb6 13. Na4 Qc7 14. O-O O-O
15. Nd2 1/2-1/2

[Event "Roses"]
[Site "Roses ESP"]
[Date "1992.??.??"]
[Round "9"]
[White "Spraggett, Kevin"]
[Black "Cuadras, Jorge"]
[Result "1-0"]
[WhiteElo "2545"]
[BlackElo "2320"]
[PlyCount "57"]
[EventDate "1992.??.??"]
[EventType "tourn"]
[EventRounds "9"]
[EventCountry "ESP"]
[EventCategory "8"]

1. c4 e5 2. g3 Nf6 3. Bg2 Nc6 4. Nc3 Bc5 5. a3 O-O 6. e3 d6 7. Nf3 Bf5 8. d3
Qd7 9. h3 h5 10. b3 a6 11. Bb2 Rab8 12. Nd5 Nxd5 13. cxd5 Ne7 14. d4 exd4 15.
Nxd4 Bg6 16. g4 h4 17. Rc1 Rfe8 18. O-O c6 19. dxc6 bxc6 20. Nxc6 Rb7 21. Na5
Rb5 22. b4 Ba7 23. Nc6 Nxc6 24. Bxc6 Qe7 25. Bxe8 Qxe8 26. Qxd6 Be4 27. Rfd1
Kh7 28. Qd7 Qb8 29. Rc8 1-0

[Event "San Bernardino op"]
[Site "San Bernardino SUI"]
[Date "1992.??.??"]
[Round "3"]
[White "Spraggett, Kevin"]
[Black "Dutreeuw, Marc"]
[Result "1/2-1/2"]
[WhiteElo "2540"]
[BlackElo "2425"]
[PlyCount "62"]
[EventDate "1992.??.??"]
[EventType "swiss"]
[EventRounds "9"]
[EventCountry "SUI"]

1. c4 e6 2. Nc3 d5 3. d4 Be7 4. Nf3 Nf6 5. Bg5 h6 6. Bh4 O-O 7. e3 b6 8. Be2
Bb7 9. Bxf6 Bxf6 10. cxd5 exd5 11. b4 c5 12. bxc5 bxc5 13. Rb1 Bc6 14. O-O Nd7
15. Qd2 c4 16. Rfc1 Rb8 17. Rxb8 Qxb8 18. Bd1 Qa8 19. Ba4 Bxa4 20. Nxa4 Qc6 21.
Nc3 Rb8 22. h3 Bd8 23. Qc2 Ba5 24. e4 dxe4 25. Qxe4 Qxe4 26. Nxe4 Nb6 27. Ne5
Rc8 28. Nd6 Rc7 29. Nb5 Rb7 30. Nd6 Rc7 31. Nb5 Rb7 1/2-1/2

[Event "San Bernardino op"]
[Site "San Bernardino SUI"]
[Date "1992.??.??"]
[Round "5"]
[White "Spraggett, Kevin"]
[Black "Bhend, Edwin"]
[Result "1-0"]
[WhiteElo "2540"]
[BlackElo "2270"]
[PlyCount "99"]
[EventDate "1992.??.??"]
[EventType "swiss"]
[EventRounds "9"]
[EventCountry "SUI"]

1. c4 f5 2. g3 Nf6 3. Bg2 g6 4. Nc3 Bg7 5. d3 d6 6. e4 fxe4 7. dxe4 e5 8. Nge2
Nc6 9. O-O O-O 10. f3 Nd7 11. Bh3 Nc5 12. Bxc8 Qxc8 13. Be3 Ne6 14. Kg2 Rf7 15.
Qd2 Qd7 16. Rf2 Raf8 17. Raf1 a6 18. b3 Ncd4 19. Nd1 h5 20. h4 Kh7 21. Ng1 Kg8
22. Nh3 Bf6 23. Nc3 c6 24. Ne2 c5 25. Nc3 Bxh4 26. gxh4 Nxf3 27. Rxf3 Rxf3 28.
Rxf3 Rxf3 29. Kxf3 Nd4+ 30. Bxd4 Qxh3+ 31. Ke2 cxd4 32. Nd5 Qxh4 33. Qd3 Qh2+
34. Kd1 Qg1+ 35. Kc2 Qf2+ 36. Qd2 Qxd2+ 37. Kxd2 Kh7 38. Nb4 Kh6 39. Nd3 Kg5
40. Ke2 Kg4 41. Kf2 h4 42. a4 Kh3 43. b4 g5 44. b5 g4 45. bxa6 bxa6 46. Nb4 a5
47. Nc6 Kh2 48. Ne7 g3+ 49. Ke1 g2 50. Nf5 1-0

[Event "San Bernardino op"]
[Site "San Bernardino SUI"]
[Date "1992.??.??"]
[Round "6"]
[White "Hickl, Joerg"]
[Black "Spraggett, Kevin"]
[Result "0-1"]
[WhiteElo "2540"]
[BlackElo "2540"]
[PlyCount "118"]
[EventDate "1992.??.??"]
[EventType "swiss"]
[EventRounds "9"]
[EventCountry "SUI"]

1. c4 e5 2. Nc3 Nc6 3. d3 f5 4. g3 Nf6 5. Bg2 Bb4 6. Bd2 O-O 7. a3 Bxc3 8. Bxc3
d6 9. Nf3 Qe8 10. Nd2 Kh8 11. Qc2 Qh5 12. h3 Bd7 13. Bf3 Qg6 14. e3 f4 15. gxf4
exf4 16. O-O-O fxe3 17. fxe3 Qh6 18. Nf1 Rab8 19. Qg2 Ne5 20. Bxb7 Bf5 21. Bxe5
dxe5 22. Bf3 Rfd8 23. Qe2 e4 24. dxe4 Nxe4 25. Bxe4 Bxe4 26. Rh2 Re8 27. h4 Qf6
28. Qe1 h6 29. Rf2 Qe5 30. Qd2 Bh7 31. Qd4 Qe6 32. Rf4 c5 33. Qd6 Qh3 34. Qd2
Qc8 35. Qc3 Qe6 36. b3 Rf8 37. Rxf8+ Rxf8 38. Nd2 Qe7 39. Rg1 Rf2 40. h5 Rh2
41. b4 Rxh5 42. Rf1 Rh3 43. Rf3 Rh1+ 44. Kb2 Rh2 45. b5 Be4 46. Rf4 Re2 47. a4
Bb7 48. a5 Kg8 49. a6 Ba8 50. Qd3 Rxe3 51. Qf5 g5 52. Qg6+ Qg7+ 53. Rf6 Qxg6
54. Rxg6+ Kh7 55. Rf6 Re7 56. Rf8 Bg2 57. Nb3 g4 58. Nxc5 g3 59. Nd3 Bd5 0-1

[Event "San Bernardino op"]
[Site "San Bernardino SUI"]
[Date "1992.??.??"]
[Round "7"]
[White "Spraggett, Kevin"]
[Black "Gallagher, Joseph"]
[Result "1-0"]
[WhiteElo "2540"]
[BlackElo "2510"]
[PlyCount "101"]
[EventDate "1992.??.??"]
[EventType "swiss"]
[EventRounds "9"]
[EventCountry "SUI"]

1. Nf3 Nf6 2. c4 g6 3. b3 Bg7 4. Bb2 d6 5. g3 e5 6. Bg2 O-O 7. O-O Re8 8. d3 h6
9. Nc3 c6 10. Rc1 Na6 11. a3 Nc7 12. b4 Nh5 13. b5 cxb5 14. cxb5 d5 15. a4 Be6
16. e3 Rc8 17. Ne2 Qd6 18. Qd2 Na8 19. Bc3 Nb6 20. Ra1 Nd7 21. Rfd1 Nhf6 22.
Qb2 Nh7 23. Rac1 Nhf8 24. a5 g5 25. Bb4 Qb8 26. Nc3 Ng6 27. Qa3 Bf8 28. Bxf8
Rxf8 29. Ne1 Nf6 30. Rc2 d4 31. exd4 exd4 32. Ne4 Nxe4 33. Bxe4 Qe5 34. Qb4 Bd7
35. b6 axb6 36. axb6 Bg4 37. Rdc1 Rxc2 38. Nxc2 Rd8 39. Bxb7 Bf5 40. Ne1 Ne7
41. Bg2 Nd5 42. Qa5 Qe6 43. Bxd5 Rxd5 44. Qa8+ Kg7 45. b7 Rc5 46. b8=Q Rxc1 47.
Qg8+ Kf6 48. Qad8+ Ke5 49. Qg7+ f6 50. Qgc7+ Rxc7 51. Nf3# 1-0

[Event "San Bernardino op"]
[Site "San Bernardino SUI"]
[Date "1992.??.??"]
[Round "8"]
[White "Hort, Vlastimil"]
[Black "Spraggett, Kevin"]
[Result "1/2-1/2"]
[WhiteElo "2560"]
[BlackElo "2540"]
[PlyCount "57"]
[EventDate "1992.??.??"]
[EventType "swiss"]
[EventRounds "9"]
[EventCountry "SUI"]

1. e4 c5 2. c3 d5 3. exd5 Qxd5 4. d4 g6 5. Be2 cxd4 6. cxd4 Bg7 7. Nf3 Nh6 8.
Nc3 Qd8 9. Bf4 O-O 10. O-O Nf5 11. d5 a6 12. a4 Nd7 13. Qb3 b6 14. Rad1 Bb7 15.
Rfe1 Rc8 16. Bf1 Nc5 17. Qb4 a5 18. Qa3 Na6 19. Bxa6 Bxa6 20. Be5 Re8 21. h3
Bc4 22. b3 Ba6 23. Bxg7 Nxg7 24. Ne4 Bb7 25. Ne5 Nf5 26. Qb2 Rf8 27. Nc6 Bxc6
28. dxc6 Qc7 29. Rc1 1/2-1/2

[Event "San Bernardino op"]
[Site "San Bernardino SUI"]
[Date "1992.??.??"]
[Round "9"]
[White "Spraggett, Kevin"]
[Black "Van der Sterren, Paul"]
[Result "1/2-1/2"]
[WhiteElo "2540"]
[BlackElo "2530"]
[PlyCount "29"]
[EventDate "1992.??.??"]
[EventType "swiss"]
[EventRounds "9"]
[EventCountry "SUI"]

1. c4 e6 2. Nc3 d5 3. d4 Be7 4. Nf3 Nf6 5. Bg5 h6 6. Bh4 O-O 7. e3 b6 8. Be2
Bb7 9. Bxf6 Bxf6 10. cxd5 exd5 11. b4 c5 12. bxc5 bxc5 13. Rb1 Bc6 14. O-O Nd7
15. Bb5 1/2-1/2

[Event "Metz op"]
[Site "Metz FRA"]
[Date "1991.??.??"]
[Round "1"]
[White "Gueneau, Christophe"]
[Black "Spraggett, Kevin"]
[Result "0-1"]
[WhiteElo "2145"]
[BlackElo "2580"]
[PlyCount "78"]
[EventDate "1991.04.23"]
[EventType "swiss"]
[EventRounds "9"]
[EventCountry "FRA"]

1. f4 g6 2. Nf3 Bg7 3. g3 c5 4. Bg2 Nc6 5. d3 d6 6. O-O e6 7. c3 Nge7 8. Na3
O-O 9. e4 b6 10. Nc2 Qd7 11. d4 Ba6 12. Re1 cxd4 13. Ncxd4 Rac8 14. Qa4 Bb7 15.
Be3 Rfd8 16. Nxc6 Nxc6 17. Rad1 Na5 18. Qxd7 Rxd7 19. Bc1 b5 20. f5 exf5 21.
exf5 Nc4 22. fxg6 hxg6 23. Nd4 Bxg2 24. Kxg2 a6 25. Re2 Rb7 26. Bf4 Be5 27. a3
Kg7 28. Nf3 Bxf4 29. gxf4 Rc5 30. Ng5 Rf5 31. Kg3 d5 32. Nf3 Nd6 33. Re5 Ne4+
34. Kg2 Rxf4 35. Rdxd5 f5 36. h3 Kf6 37. Re8 Rh7 38. Ra8 Rxh3 39. Rxa6+ Kg7 0-1

[Event "Andorra op"]
[Site "AND"]
[Date "1991.??.??"]
[Round "?"]
[White "Fernandez, Juan Luis"]
[Black "Spraggett, Kevin"]
[Result "1-0"]
[WhiteElo "2315"]
[BlackElo "2495"]
[PlyCount "111"]
[EventDate "1991.??.??"]
[EventType "swiss"]
[EventRounds "9"]
[EventCountry "AND"]

1. Nf3 d6 2. e4 Nf6 3. Nc3 g6 4. d4 Bg7 5. Be3 O-O 6. Qd2 Nc6 7. h3 e5 8. dxe5
Nxe5 9. Nxe5 dxe5 10. Qxd8 Rxd8 11. Bc4 c6 12. a4 Bf8 13. O-O Nh5 14. Rfd1 Re8
15. a5 Kg7 16. Na4 f5 17. exf5 gxf5 18. Bc5 Nf6 19. Bxf8+ Kxf8 20. Nc5 Rb8 21.
Ra3 e4 22. b4 f4 23. g4 h6 24. Raa1 Re5 25. Re1 h5 26. f3 hxg4 27. hxg4 Re7 28.
Nxe4 Nxe4 29. Rxe4 Rxe4 30. fxe4 Bxg4 31. Rf1 f3 32. Be2 Ke7 33. Bxf3 Be6 34.
Kf2 Rh8 35. Ke3 Rh2 36. Rg1 Kf6 37. Be2 b6 38. axb6 axb6 39. Rg3 c5 40. bxc5
bxc5 41. c3 Rh1 42. Kf4 Rc1 43. Bb5 Re1 44. Bc6 Rd1 45. e5+ Kf7 46. Bf3 Rf1 47.
Kg5 Ke7 48. Be4 Re1 49. Kf4 Rc1 50. Rg7+ Kf8 51. Rc7 Rxc3 52. Kg5 Re3 53. Kf6
Rxe4 54. Kxe6 Re1 55. Rxc5 Re2 56. Rc8+ 1-0

[Event "Andorra op"]
[Site "AND"]
[Date "1991.??.??"]
[Round "?"]
[White "Spraggett, Kevin"]
[Black "Dunworth, Christopher"]
[Result "1-0"]
[WhiteElo "2495"]
[BlackElo "2330"]
[PlyCount "165"]
[EventDate "1991.??.??"]
[EventType "swiss"]
[EventRounds "9"]
[EventCountry "AND"]

1. d4 f5 2. g3 Nf6 3. Bg2 d6 4. Nf3 g6 5. b3 Bg7 6. Bb2 O-O 7. O-O c6 8. Nbd2
h6 9. Ne1 g5 10. Nd3 Qe8 11. e3 Na6 12. Qe2 Qg6 13. Rae1 Nc7 14. c4 Bd7 15. a4
a5 16. f3 Nh7 17. Rd1 Ne6 18. f4 Nf6 19. Kh1 Ne4 20. Nxe4 fxe4 21. Nf2 d5 22.
Bh3 Qe8 23. Rc1 Ra6 24. Bc3 Nd8 25. Bxd7 Qxd7 26. Rc2 e6 27. Qd2 Qc7 28. Qd1
Nf7 29. Nh3 Qe7 30. Bb2 Raa8 31. Rcf2 gxf4 32. Nxf4 Nh8 33. Qg4 Rae8 34. Ba3
Rxf4 35. gxf4 Qxa3 36. Rg1 Qf8 37. f5 exf5 38. Rxf5 Nf7 39. cxd5 cxd5 40. Rgf1
Re7 41. Rxd5 Kh8 42. Rxa5 Qd8 43. Qh5 Nd6 44. Rc5 Qe8 45. Qxe8+ Nxe8 46. b4 Bf6
47. Rff5 Kg7 48. Kg2 Kg6 49. a5 Nc7 50. Rf1 Rd7 51. Rf4 Re7 52. Rg4+ Kf7 53. b5
Ne6 54. Rf5 Nc7 55. Rgf4 Re6 56. Rc5 Re7 57. Rcf5 Re6 58. Rc5 Re7 59. Re5 Rd7
60. Rff5 Kg6 61. Rc5 Be7 62. b6 Ne8 63. Rb5 Bd6 64. h3 Nf6 65. Rf2 Kf7 66. Ra2
Ke6 67. a6 bxa6 68. Rxa6 Rb7 69. Ra7 Rb8 70. Rg7 h5 71. b7 h4 72. Rb6 Ne8 73.
Rh7 Kd5 74. Rxh4 Bc7 75. Rh5+ Kc4 76. Rc5+ Kd3 77. Rb3+ Kd2 78. Kf2 Bd6 79.
Rb2+ Kd3 80. Rc8 Nf6 81. Rb6 Nd7 82. Rxd6 Rxb7 83. Ra8 1-0

[Event "Andorra op"]
[Site "AND"]
[Date "1991.??.??"]
[Round "?"]
[White "Spraggett, Kevin"]
[Black "Gallego, Ruben"]
[Result "1/2-1/2"]
[WhiteElo "2495"]
[BlackElo "2265"]
[PlyCount "81"]
[EventDate "1991.??.??"]
[EventType "swiss"]
[EventRounds "9"]
[EventCountry "AND"]

1. g3 g6 2. Bg2 Bg7 3. d3 d6 4. c4 Nf6 5. Nc3 O-O 6. f4 c5 7. e4 Nc6 8. Nf3 Bg4
9. h3 Bxf3 10. Bxf3 e6 11. O-O Nd7 12. Bg2 Rb8 13. Rb1 a6 14. Kh1 b5 15. e5 Qc7
16. exd6 Qxd6 17. Ne4 Qc7 18. g4 Nd4 19. Be3 bxc4 20. dxc4 Rfd8 21. Rf2 Nf6 22.
Nxf6+ Bxf6 23. Rd2 Nc6 24. Bxc5 Qxf4 25. Rxd8+ Rxd8 26. Qf1 Qe5 27. Bg1 Nb4 28.
c5 Be7 29. a3 Nd3 30. b4 g5 31. Rd1 Nf4 32. Bh2 Rxd1 33. Qxd1 Qb2 34. Bxf4 gxf4
35. c6 Qc3 36. a4 Bxb4 37. Qd8+ Kg7 38. Qg5+ Kf8 39. Qxf4 Ba5 40. Kh2 Qc5 41.
h4 1/2-1/2

[Event "Andorra op"]
[Site "AND"]
[Date "1991.??.??"]
[Round "?"]
[White "Spraggett, Kevin"]
[Black "Marin, Mihail"]
[Result "1/2-1/2"]
[WhiteElo "2495"]
[BlackElo "2535"]
[PlyCount "85"]
[EventDate "1991.??.??"]
[EventType "swiss"]
[EventRounds "9"]
[EventCountry "AND"]

1. Nf3 f5 2. b3 d6 3. d4 Nf6 4. Bb2 g6 5. g3 Bg7 6. Bg2 O-O 7. O-O Qe8 8. c4
Na6 9. d5 Bd7 10. Nc3 c5 11. dxc6 bxc6 12. Rb1 Rc8 13. Ne1 g5 14. e3 f4 15.
exf4 gxf4 16. Ne2 Bg4 17. h3 Bh5 18. Ra1 Qf7 19. Nf3 Ne4 20. Bxg7 Qxg7 21. Nxf4
Rxf4 22. gxf4 Nc3 23. Qd3 Nb4 24. Qe3 Kh8 25. Rac1 Ne2+ 26. Kh2 Nd3 27. Qxd3
Qxg2+ 28. Kxg2 Nxf4+ 29. Kh2 Nxd3 30. Rc3 Bxf3 31. Rxd3 Be2 32. Rfd1 a5 33.
R1d2 Bxd3 34. Rxd3 Kg7 35. Rg3+ Kf6 36. Rf3+ Ke6 37. Re3+ Kd7 38. Kg2 Rf8 39.
Rg3 d5 40. cxd5 cxd5 41. Rg7 Rb8 42. Rxh7 a4 43. bxa4 1/2-1/2

[Event "FRA-Tch"]
[Site "FRA"]
[Date "1991.??.??"]
[Round "?"]
[White "Klaric, Zlatko"]
[Black "Spraggett, Kevin"]
[Result "0-1"]
[WhiteElo "2395"]
[BlackElo "2495"]
[PlyCount "74"]
[EventDate "1991.??.??"]
[EventType "team"]
[EventRounds "12"]
[EventCountry "FRA"]

1. d4 f5 2. Nc3 d5 3. Bf4 e6 4. e3 Nf6 5. Bd3 a6 6. Nce2 c5 7. c3 Nc6 8. Nf3
Be7 9. h3 O-O 10. Ne5 Qb6 11. Qb1 Nxe5 12. Bxe5 Bd7 13. g4 Ne4 14. gxf5 exf5
15. Nf4 Bh4 16. Rh2 Rae8 17. Bxe4 fxe4 18. Rg2 Rxe5 19. dxe5 Rxf4 20. exf4 Bxh3
21. Qd1 Bxg2 22. Qxd5+ Kf8 23. O-O-O Bf3 24. Rg1 Qc6 25. Qd2 Qe6 26. b4 cxb4
27. cxb4 Qc4+ 28. Kb2 Qe2 29. Qxe2 Bxe2 30. Rh1 Bxf2 31. Rxh7 e3 32. f5 Bd3 33.
Rh8+ Ke7 34. f6+ gxf6 35. exf6+ Kf7 36. Kc3 e2 37. Rh1 Be4 0-1

[Event "FRA-Tch"]
[Site "FRA"]
[Date "1991.??.??"]
[Round "?"]
[White "Spraggett, Kevin"]
[Black "Guigonis, Dominique"]
[Result "1-0"]
[WhiteElo "2495"]
[BlackElo "2290"]
[PlyCount "65"]
[EventDate "1991.??.??"]
[EventType "team"]
[EventRounds "12"]
[EventCountry "FRA"]

1. c4 e6 2. Nc3 d5 3. d4 Nf6 4. Bg5 Nbd7 5. e3 Be7 6. Rc1 c6 7. Nf3 O-O 8. Bd3
dxc4 9. Bxc4 Nd5 10. Bf4 Nxf4 11. exf4 b6 12. O-O Bb7 13. Qe2 Bf6 14. Rfd1 Qe7
15. g3 a6 16. Ne4 c5 17. d5 exd5 18. Bxd5 Bxd5 19. Rxd5 Rfe8 20. Re1 Qe6 21.
Nxf6+ Nxf6 22. Qxe6 fxe6 23. Rd6 b5 24. Rexe6 Rxe6 25. Rxe6 c4 26. Ne5 Kf8 27.
Kf1 Rd8 28. Ke2 a5 29. a4 c3 30. bxc3 bxa4 31. Ra6 Rd5 32. c4 Rc5 33. Rxf6+ 1-0

[Event "FRA-Tch"]
[Site "FRA"]
[Date "1991.??.??"]
[Round "?"]
[White "Spraggett, Kevin"]
[Black "Pinter, Jozsef"]
[Result "0-1"]
[WhiteElo "2495"]
[BlackElo "2565"]
[PlyCount "196"]
[EventDate "1991.??.??"]
[EventType "team"]
[EventRounds "12"]
[EventCountry "FRA"]

1. c4 Nf6 2. Nc3 c5 3. g3 d5 4. cxd5 Nxd5 5. Bg2 Nc7 6. b3 e5 7. Bb2 Be7 8. Rc1
Ne6 9. Nd5 Bd6 10. e3 O-O 11. Ne2 Nc6 12. O-O Bd7 13. f4 exf4 14. gxf4 f5 15.
Ng3 Qh4 16. Qc2 Qg4 17. Rf2 Be8 18. Bf3 Qh3 19. Rg2 Bg6 20. Rf1 Rf7 21. a3 Re8
22. b4 Bf8 23. Qa4 a6 24. Bc3 Rd8 25. b5 axb5 26. Qxb5 Kh8 27. Nb6 Qh4 28. Nc4
Rc8 29. Bxc6 bxc6 30. Qa6 Re8 31. Qxc6 Qd8 32. Ne5 Rc7 33. Qb5 Qa8 34. a4 Bd6
35. Nxg6+ hxg6 36. Qc4 Ra7 37. a5 Bc7 38. Ne2 Kh7 39. Rg3 Bxa5 40. Bxa5 Rxa5
41. Nc3 Qa6 42. Qd5 Rd8 43. Qg2 Ra1 44. Rh3+ Kg8 45. Rhf3 Kf7 46. h4 Rxf1+ 47.
Rxf1 Qd6 48. Rf2 Rh8 49. Qg3 Qd8 50. Rg2 Rh6 51. Rh2 Kg8 52. Kf1 Kh7 53. Ke1 c4
54. Nd1 Nc5 55. Nf2 Kh8 56. Qg5 Qd6 57. Qg2 Qd8 58. Qg5 Qe8 59. Ke2 Ne6 60. Qg3
Qb5 61. Ke1 Qb1+ 62. Nd1 Nc5 63. Qg5 c3 64. dxc3 Nd3+ 65. Kd2 Qa2+ 66. Kxd3
Qxh2 67. c4 Kh7 68. Nc3 Rxh4 69. Nd5 Qh1 70. Qe7 Qd1+ 71. Kc3 Qa1+ 72. Kb4 Rh2
73. Kb5 Rb2+ 74. Kc6 Qa6+ 75. Kc5 Rb8 76. Kd4 Qa1+ 77. Nc3 Qb2 78. c5 Qd2+ 79.
Kc4 Rd8 80. Qe5 Qd3+ 81. Kb4 Qd7 82. Kc4 Qc6 83. e4 Qa6+ 84. Kb3 fxe4 85. Qxe4
Rb8+ 86. Kc2 Rc8 87. Qh1+ Kg8 88. Qd5+ Kf8 89. Ne4 Qe2+ 90. Nd2 Qe3 91. Ne4
Qxf4 92. Nd6 Qf2+ 93. Kd1 Rb8 94. Nb7 Qf1+ 95. Kd2 Qf4+ 96. Kd1 Re8 97. Qh1
Qa4+ 98. Kd2 Qd4+ 0-1

[Event "Malgrat del Mar"]
[Site "Malgrat del Mar ESP"]
[Date "1991.??.??"]
[Round "?"]
[White "Campos Moreno, Javier"]
[Black "Spraggett, Kevin"]
[Result "1-0"]
[WhiteElo "2475"]
[BlackElo "2540"]
[PlyCount "54"]
[EventDate "1991.??.??"]
[EventType "tourn"]
[EventRounds "9"]
[EventCountry "ESP"]
[EventCategory "7"]
[Source "ChessBase"]
[SourceDate "2003.11.25"]

1. d4 Nf6 2. c4 g6 3. Nc3 Bg7 4. e4 d6 5. f3 O-O 6. Be3 Nbd7 7. Nh3 c6 8. Be2
e5 9. d5 cxd5 10. cxd5 a6 11. O-O Kh8 12. Nf2 Ng8 13. a4 f5 14. a5 Bh6 15. Bxh6
Nxh6 16. Qd2 Nf7 17. Na4 Rb8 18. Ra3 b5 19. axb6 Nxb6 20. Nc3 Qc7 21. Rc1 fxe4
22. Ncxe4 Qb7 23. Rc6 Nxd5 24. Qxd5 Qxb2 25. Qa2 Bd7 26. Rc2 Qb1+ 27. Bf1 d5
1-0